[Event "4e Ouest Toulousain A"]
[Site "Tournefeuille"]
[Date "2009.02.18"]
[Round "3.7"]
[White "Briscoe, Chris"]
[Black "Cilla, Mario"]
[Result "1-0"]
[WhiteElo "2268"]
[BlackElo "1930"]
[PlyCount "109"]
[EventDate "2009.??.??"]

1. d4 f5 2. c4 e6 3. g3 Nf6 4. Bg2 Be7 5. Nh3 O-O 6. O-O d6 7. Nc3 e5 8. dxe5
dxe5 9. Qxd8 Rxd8 10. Nd5 Nxd5 11. Bxd5+ Kf8 12. Ng5 h6 13. Ne6+ Bxe6 14. Bxe6
Nc6 15. Bxf5 Nd4 16. Bg4 Nc2 17. Rb1 Rd4 18. Bf3 Rxc4 19. Bxb7 Rb8 20. Bd5 Rc5
21. Be4 Nd4 22. Re1 Rd8 23. Bd2 Nf3+ 24. exf3 Rxd2 25. Red1 Rxd1+ 26. Rxd1 Bd6
27. Kf1 Ke7 28. Ke2 Rb5 29. b3 a5 30. Bd5 Rb4 31. Bc4 a4 32. a3 Rb7 33. b4 Ra7
34. Kd3 Rb7 35. Bd5 Rb6 36. Kc4 Kf6 37. Be4 Ke6 38. Rd5 Ra6 39. Ra5 Rxa5 40.
bxa5 c6 41. Bxc6 Bb8 42. Kc5 Ba7+ 43. Kb5 Kd6 44. Ka6 Kxc6 45. Kxa7 Kc7 46. Ka6
Kc6 47. h4 g6 48. g4 g5 49. h5 Kc5 50. Kb7 Kc4 51. a6 Kb3 52. a7 Kxa3 53. a8=Q
Kb3 54. Kb6 a3 55. Qd5+ 1-0

[Event "4e Ouest Toulousain A"]
[Site "Tournefeuille"]
[Date "2009.02.18"]
[Round "3.8"]
[White "Cazes, Mathieu"]
[Black "Forgues, Fabien"]
[Result "0-1"]
[WhiteElo "1899"]
[BlackElo "2155"]
[PlyCount "74"]
[EventDate "2009.??.??"]

1. e4 e5 2. Nf3 Nc6 3. Bb5 a6 4. Ba4 Nf6 5. O-O Be7 6. Re1 b5 7. Bb3 d6 8. c3
O-O 9. h3 Re8 10. d4 Bf8 11. Nbd2 g6 12. a4 Rb8 13. axb5 axb5 14. d5 Ne7 15.
Nf1 Bg7 16. Ng3 Bb7 17. Qd3 c6 18. dxc6 Bxc6 19. Bg5 Qc7 20. Be3 Rb7 21. Nd2 d5
22. Red1 b4 23. exd5 Nexd5 24. c4 Nxe3 25. Qxe3 e4 26. Ra2 Kh8 27. Ne2 Nd7 28.
Nd4 Nc5 29. Bc2 Bd7 30. N2b3 f5 31. Nb5 Bxb5 32. Nxc5 f4 33. Qb3 Qxc5 34. cxb5
e3 35. fxe3 Rxe3 36. Qd5 Re1+ 37. Kh2 Qg1# 0-1

[Event "4e Ouest Toulousain A"]
[Site "Tournefeuille"]
[Date "2009.02.18"]
[Round "3.9"]
[White "Cesbron, Guy"]
[Black "Garrel, Alain"]
[Result "0-1"]
[WhiteElo "2106"]
[BlackElo "2115"]
[PlyCount "90"]
[EventDate "2009.??.??"]

1. e4 d5 2. exd5 Qxd5 3. Nc3 Qd6 4. d4 Nf6 5. h3 a6 6. Nf3 Nc6 7. Be3 Bf5 8.
Bd3 Bxd3 9. Qxd3 e6 10. a3 Be7 11. O-O O-O 12. Rad1 Rad8 13. Rfe1 Rfe8 14. Bg5
h6 15. Be3 Bf8 16. Qd2 Nd5 17. Nxd5 Qxd5 18. Bf4 Bd6 19. Bxd6 Rxd6 20. Qc1 Red8
21. c3 Qf5 22. Qe3 f6 23. Rc1 Kf7 24. Re2 Ne7 25. c4 Ng6 26. Qe4 Nf4 27. Re3
Qxe4 28. Rxe4 g5 29. g3 Nxh3+ 30. Kg2 f5 31. Re2 g4 32. Ne5+ Kf6 33. c5 Rxd4
34. c6 b6 35. Nd7+ Ke7 36. Rce1 Ng5 37. Re5 Re4 38. R5xe4 Nxe4 39. b4 b5 40.
Rh1 Rh8 41. Rd1 h5 42. Ne5 Rd8 43. Nd7 Nf6 44. Rh1 Nxd7 45. cxd7 Rxd7 0-1

[Event "4e Ouest Toulousain A"]
[Site "Tournefeuille"]
[Date "2009.02.18"]
[Round "3.10"]
[White "Sumets, Andrey"]
[Black "Roques, Olivier"]
[Result "1-0"]
[WhiteElo "2546"]
[BlackElo "1838"]
[PlyCount "61"]
[EventDate "2009.??.??"]

1. d4 f5 2. Nc3 g6 3. e4 fxe4 4. Nxe4 Bg7 5. Nf3 d5 6. Nc5 b6 7. Nd3 c5 8. Nde5
a6 9. dxc5 bxc5 10. c4 e6 11. Bg5 Qa5+ 12. Bd2 Qc7 13. Qa4+ Bd7 14. Nxd7 Nxd7
15. g3 Ngf6 16. Bh3 O-O 17. Bxe6+ Kh8 18. Bf4 Qb7 19. O-O dxc4 20. Ng5 Nb6 21.
Qa5 Nfd5 22. Bd6 Rf6 23. Be5 Rff8 24. Bxg7+ Kxg7 25. Qxc5 Qe7 26. Qd4+ Qf6 27.
Rad1 Rad8 28. Bxd5 Rxd5 29. Ne6+ Kg8 30. Qxb6 Re5 31. Rd6 1-0

[Event "4e Ouest Toulousain B"]
[Site "Tournefeuille"]
[Date "2009.02.18"]
[Round "3.1"]
[White "Garcia Del Prado, Bruno"]
[Black "Auger, Pierre"]
[Result "1/2-1/2"]
[WhiteElo "1680"]
[BlackElo "1630"]
[PlyCount "63"]
[EventDate "2009.??.??"]

1. e4 e5 2. Nf3 d6 3. Bc4 c6 4. d3 Be7 5. a3 Nf6 6. Nbd2 Bg4 7. O-O O-O 8. c3
b5 9. Ba2 Nbd7 10. Qe1 Qb6 11. h3 Bh5 12. Nh4 Bg6 13. Nxg6 hxg6 14. Nf3 Nh5 15.
Be3 Qd8 16. Qd2 Nf4 17. Bxf4 exf4 18. Qxf4 g5 19. Qg4 Ne5 20. Nxe5 dxe5 21.
Rad1 Qd6 22. d4 g6 23. dxe5 Qxe5 24. h4 Kg7 25. Bb1 Rh8 26. Qg3 Bf6 27. f4 Qc5+
28. Qf2 Qxf2+ 29. Rxf2 gxf4 30. Rxf4 Rxh4 31. Rxh4 Bxh4 32. Ba2 1/2-1/2

[Event "4e Ouest Toulousain B"]
[Site "Tournefeuille"]
[Date "2009.02.18"]
[Round "3.2"]
[White "Finkel, Julie"]
[Black "Charruyer, Baptiste"]
[Result "0-1"]
[WhiteElo "1620"]
[BlackElo "1600"]
[PlyCount "74"]
[EventDate "2009.??.??"]

1. c4 e5 2. g3 d5 3. cxd5 Qxd5 4. Nf3 e4 5. Nc3 Qc6 6. Nd4 Qd7 7. e3 Nf6 8. Bg2
c5 9. Nde2 Qd3 10. Nf4 Qc4 11. b3 Qa6 12. Nxe4 Bf5 13. Nxf6+ gxf6 14. Bb2 Bd6
15. Nd5 Nd7 16. Nxf6+ Nxf6 17. Bxf6 Rg8 18. Bd5 Bg4 19. Bf3 Bf5 20. e4 Bd7 21.
d4 Bxg3 22. hxg3 Qxf6 23. dxc5 Qc3+ 24. Kf1 Bg4 25. Bxg4 Rxg4 26. Rxh7 Rxe4 27.
Rc1 Qf6 28. b4 Rd8 29. Qa4+ Kf8 30. Rc2 Rd1+ 31. Kg2 Ree1 32. f4 Rg1+ 33. Kf3
Rdf1+ 34. Ke2 Qe6+ 35. Kd2 Rf2+ 36. Kc3 Rxg3+ 37. Kb2 Qf6+ 0-1

[Event "4e Ouest Toulousain A"]
[Site "Tournefeuille"]
[Date "2009.02.18"]
[Round "4.1"]
[White "Zarrouati, Pierre"]
[Black "Fedorchuk, Sergey A"]
[Result "0-1"]
[WhiteElo "2193"]
[BlackElo "2633"]
[PlyCount "44"]
[EventDate "2009.??.??"]

1. d4 Nf6 2. Nf3 e6 3. c4 b6 4. Nc3 Bb7 5. a3 d5 6. cxd5 Nxd5 7. Qc2 Be7 8. e4
Nxc3 9. bxc3 O-O 10. Bd3 c5 11. e5 h6 12. Be3 cxd4 13. cxd4 Qd5 14. Qd2 Nc6 15.
Bxh6 Nxd4 16. Nxd4 gxh6 17. Qxh6 Qxe5+ 18. Qe3 Qg7 19. Nc2 Rac8 20. Rd1 Rfd8
21. Ke2 Qg4+ 22. Ke1 Bf6 0-1

[Event "4e Ouest Toulousain A"]
[Site "Tournefeuille"]
[Date "2009.02.18"]
[Round "4.2"]
[White "Petrov, Marijan"]
[Black "Briscoe, Chris"]
[Result "1-0"]
[WhiteElo "2477"]
[BlackElo "2268"]
[PlyCount "117"]
[EventDate "2009.??.??"]

1. e4 e5 2. Nf3 d6 3. Bc4 Nf6 4. Nc3 Be7 5. d4 exd4 6. Nxd4 O-O 7. O-O Nxe4 8.
Nxe4 d5 9. Bd3 dxe4 10. Bxe4 Re8 11. Be3 Bd6 12. Bf3 Nd7 13. Nb5 Ne5 14. Be2
Bf5 15. Nxd6 cxd6 16. Re1 d5 17. Bd4 Re6 18. Qd2 Qh4 19. Bxe5 Rxe5 20. Bd3 Qd4
21. Rxe5 Qxe5 22. Re1 Qd4 23. Qe2 Be6 24. c3 Qf4 25. g3 Qf6 26. f4 g6 27. Qe5
Qxe5 28. Rxe5 Kg7 29. Kf2 d4 30. cxd4 Bxa2 31. Be4 Rd8 32. Ra5 Bc4 33. Rxa7 Bd5
34. Bxd5 Rxd5 35. Rxb7 Rxd4 36. Ke3 Rd1 37. Rc7 Re1+ 38. Kf2 Rh1 39. Kg2 Rb1
40. Rc2 h5 41. Kf3 Kf6 42. Ke4 Re1+ 43. Kd5 h4 44. b4 Rb1 45. Kc5 hxg3 46. hxg3
Rb3 47. g4 Rg3 48. g5+ Ke7 49. b5 Kd7 50. Rd2+ Kc8 51. Rd6 Rc3+ 52. Kb6 Re3 53.
Kc6 Rc3+ 54. Kd5 Re3 55. Rc6+ Kb7 56. Kd6 Re6+ 57. Kd7 Re4 58. Rf6 Rb4 59. Ke7
1-0

[Event "4e Ouest Toulousain A"]
[Site "Tournefeuille"]
[Date "2009.02.18"]
[Round "4.3"]
[White "Fargere, Francois"]
[Black "Epure, Catalin Alexandru"]
[Result "1-0"]
[WhiteElo "2444"]
[BlackElo "2145"]
[PlyCount "67"]
[EventDate "2009.??.??"]

1. e4 c5 2. Nf3 Nf6 3. e5 Nd5 4. Nc3 e6 5. Nxd5 exd5 6. d4 Nc6 7. c3 d6 8. Bb5
Be7 9. Be3 cxd4 10. Qxd4 Be6 11. exd6 Bf6 12. Qc5 O-O 13. Bxc6 bxc6 14. O-O Qd7
15. Bd4 Rfb8 16. Bxf6 gxf6 17. Nd4 Rb6 18. Nb3 Rd8 19. Qd4 Kg7 20. Rae1 Qxd6
21. Re3 Bf5 22. Rg3+ Kf8 23. Rf3 Be4 24. Rxf6 Qe7 25. Rf3 Kg8 26. Rg3+ Bg6 27.
Re3 Qg5 28. Re5 Qh6 29. Rfe1 Rbb8 30. Nc5 Qg7 31. b4 h5 32. h4 Kh7 33. R1e3 Ra8
34. Nd3 1-0

[Event "4e Ouest Toulousain A"]
[Site "Tournefeuille"]
[Date "2009.02.18"]
[Round "4.4"]
[White "Garrel, Alain"]
[Black "Drenchev, Petar"]
[Result "0-1"]
[WhiteElo "2115"]
[BlackElo "2458"]
[PlyCount "60"]
[EventDate "2009.??.??"]

1. d4 c5 2. c3 e6 3. Nf3 Nc6 4. Bg5 Qb6 5. Nbd2 cxd4 6. Nc4 Qc5 7. e4 dxc3 8.
bxc3 Nf6 9. Be3 Qh5 10. Be2 Qg6 11. e5 Nd5 12. Nh4 Qe4 13. Nf3 Nxc3 14. Nd6+
Bxd6 15. Qxd6 b6 16. Bd3 Qd5 17. Qxd5 Nxd5 18. Bd2 Bb7 19. O-O O-O 20. Rab1
Rac8 21. a4 Rc7 22. Rfd1 Rfc8 23. Re1 h6 24. g4 Ncb4 25. Be4 Nc2 26. Red1 Na3
27. Rbc1 Nc4 28. Be1 Nxe5 29. Rxc7 Nxf3+ 30. Bxf3 Rxc7 0-1

[Event "4e Ouest Toulousain A"]
[Site "Tournefeuille"]
[Date "2009.02.18"]
[Round "4.5"]
[White "Vilaisarn, Akkhavanh"]
[Black "Robin, Samy"]
[Result "1/2-1/2"]
[WhiteElo "2253"]
[BlackElo "2369"]
[PlyCount "95"]
[EventDate "2009.??.??"]

1. Nf3 Nf6 2. c4 g6 3. Nc3 Bg7 4. d4 d6 5. e4 O-O 6. Be2 e5 7. O-O Nc6 8. d5
Ne7 9. Ne1 Ne8 10. Kh1 f5 11. exf5 Nxf5 12. Nc2 c5 13. dxc6 bxc6 14. Bf3 Bb7
15. Ne4 Qe7 16. Bg5 Qf7 17. Qe2 h6 18. Bd2 Nf6 19. Nxf6+ Qxf6 20. Bg4 g5 21.
Bxf5 Qxf5 22. Ne3 Qe6 23. Qg4 Qg6 24. Rad1 d5 25. Bb4 Rf4 26. Qd7 Rf7 27. Qd6
Qxd6 28. Bxd6 Rd8 29. Bc5 d4 30. Kg1 Bc8 31. f3 h5 32. Rfe1 g4 33. fxg4 hxg4
34. Nf1 Bf5 35. Ng3 Bc2 36. Rd2 Bg6 37. Ne4 Rf4 38. Ng5 Re8 39. g3 Rf6 40. Ne4
Rf3 41. Rf2 Re3 42. Nf6+ Bxf6 43. Rxe3 Bg5 44. Re1 Kg7 45. Bxa7 Bf6 46. Ref1
Bg5 47. Re1 Bf6 48. Ref1 1/2-1/2

[Event "4e Ouest Toulousain A"]
[Site "Tournefeuille"]
[Date "2009.02.18"]
[Round "4.6"]
[White "Thomas, Fabien"]
[Black "Sumets, Andrey"]
[Result "0-1"]
[WhiteElo "1984"]
[BlackElo "2546"]
[PlyCount "72"]
[EventDate "2009.??.??"]

1. e4 c5 2. Nf3 d6 3. d4 cxd4 4. Nxd4 Nf6 5. Nc3 Nc6 6. Bg5 e6 7. Bb5 Qb6 8. a4
a6 9. a5 Qc7 10. Bxc6+ bxc6 11. Qf3 c5 12. Nb3 Nd7 13. O-O Ne5 14. Qe2 h6 15.
Be3 Be7 16. Na4 Nd7 17. Nd2 O-O 18. Nc4 Bb7 19. f3 Rae8 20. Qd2 d5 21. exd5
exd5 22. Bf4 Qc6 23. Rfd1 Qg6 24. Nab6 Nxb6 25. Nxb6 Qf5 26. g4 Qg6 27. Nd7 f5
28. Nxf8 Rxf8 29. Bg3 fxg4 30. fxg4 d4 31. h3 Bg5 32. Qe2 Rf3 33. Kh2 Rxg3 34.
Qc4+ Kh7 35. Kxg3 Qd6+ 36. Kf2 Qh2+ 0-1

[Event "4e Ouest Toulousain A"]
[Site "Tournefeuille"]
[Date "2009.02.18"]
[Round "4.7"]
[White "Touzane, Olivier"]
[Black "Muratet, Lucas"]
[Result "1-0"]
[WhiteElo "2293"]
[BlackElo "1981"]
[PlyCount "77"]
[EventDate "2009.??.??"]

1. d4 Nf6 2. c4 c5 3. d5 e6 4. Nc3 exd5 5. cxd5 d6 6. e4 g6 7. f4 Bg7 8. Bb5+
Nfd7 9. a4 O-O 10. Nf3 Na6 11. O-O Nb4 12. Qb3 a6 13. Bc4 Re8 14. Bd2 Nb6 15.
Be2 Bg4 16. Rae1 Bxf3 17. Rxf3 Bd4+ 18. Kh1 Nd7 19. Ref1 f5 20. exf5 gxf5 21.
Rg3+ Kh8 22. Bh5 Rg8 23. Ne2 Rxg3 24. Nxg3 Qf6 25. Ne2 a5 26. Nxd4 cxd4 27.
Bxb4 axb4 28. Qxb4 Nc5 29. a5 Rb8 30. Rd1 d3 31. g3 Ne4 32. Kg2 Rc8 33. Rxd3
Rc2+ 34. Kg1 Qh6 35. Qa4 Rc1+ 36. Rd1 Rc8 37. Bf3 Nc5 38. Qd4+ Kg8 39. Re1 1-0

[Event "4e Ouest Toulousain A"]
[Site "Tournefeuille"]
[Date "2009.02.18"]
[Round "4.8"]
[White "Sanchez, Nicolas"]
[Black "Forgues, Valerie"]
[Result "1/2-1/2"]
[WhiteElo "2255"]
[BlackElo "2011"]
[PlyCount "90"]
[EventDate "2009.??.??"]

1. d4 Nf6 2. c4 e6 3. Nf3 b6 4. g3 Ba6 5. b3 Bb4+ 6. Bd2 Be7 7. Nc3 d5 8. Bg2
c6 9. Ne5 Nfd7 10. Nxd7 Nxd7 11. O-O O-O 12. Bf4 Rc8 13. cxd5 exd5 14. Re1 Bb4
15. Bd2 Re8 16. Bh3 Ra8 17. Rc1 Nf6 18. Nb1 Bxd2 19. Nxd2 Qd6 20. Qc2 Bc8 21.
Bg2 Bd7 22. e3 Rac8 23. Qb2 Bf5 24. b4 Ne4 25. Nf1 Qd7 26. f3 Nd6 27. Nd2 Re7
28. e4 dxe4 29. fxe4 Bg4 30. Nb3 Be6 31. d5 cxd5 32. exd5 Bg4 33. Rxc8+ Nxc8
34. Qc3 Rxe1+ 35. Qxe1 h6 36. Nd4 Kf8 37. Nc6 Ne7 38. Ne5 Qc8 39. d6 Ng6 40.
Nxg6+ fxg6 41. Qe7+ Kg8 42. Bd5+ Kh7 43. Qc7 Qe8 44. Qe7 Qc8 45. Qc7 Qe8
1/2-1/2

[Event "4e Ouest Toulousain A"]
[Site "Tournefeuille"]
[Date "2009.02.18"]
[Round "4.9"]
[White "Boukhris-Ferre, Yacine"]
[Black "Humeau, Cyril"]
[Result "0-1"]
[WhiteElo "1935"]
[BlackElo "2203"]
[PlyCount "34"]
[EventDate "2009.??.??"]

1. d4 d5 2. Nf3 Nf6 3. Bf4 c6 4. Nbd2 Bf5 5. e3 e6 6. h3 Qb6 7. Qc1 Ne4 8. Nxe4
Bxe4 9. Ne5 Be7 10. Be2 g5 11. Bh5 Rf8 12. f3 gxf4 13. fxe4 Bh4+ 14. Kf1 dxe4
15. Qd1 f3 16. gxf3 Nd7 17. Nc4 Qb5 0-1

[Event "4e Ouest Toulousain A"]
[Site "Tournefeuille"]
[Date "2009.02.18"]
[Round "4.10"]
[White "Cilla, Mario"]
[Black "Lacroix, Romain"]
[Result "1-0"]
[WhiteElo "1930"]
[BlackElo "2163"]
[PlyCount "51"]
[EventDate "2009.??.??"]

1. d4 d5 2. Nf3 Nf6 3. e3 c6 4. Bd3 e6 5. O-O Nbd7 6. b3 Be7 7. Nbd2 O-O 8. Bb2
b6 9. Ne5 Bb7 10. f4 Ne8 11. f5 Nxe5 12. dxe5 exf5 13. Bxf5 g6 14. Bd3 Ng7 15.
Nf3 c5 16. h3 Ne6 17. Nh2 d4 18. exd4 Nxd4 19. Ng4 f5 20. exf6 Bxf6 21. Nxf6+
Rxf6 22. Bc4+ Kg7 23. Qg4 h5 24. Qg3 Rxf1+ 25. Rxf1 Bd5 26. Qe5+ 1-0

[Event "4e Ouest Toulousain B"]
[Site "Tournefeuille"]
[Date "2009.02.18"]
[Round "4.1"]
[White "Charruyer, Baptiste"]
[Black "Garcia Del Prado, Bruno"]
[Result "1/2-1/2"]
[WhiteElo "1600"]
[BlackElo "1680"]
[PlyCount "71"]
[EventDate "2009.??.??"]

1. d4 d5 2. Nf3 c6 3. c3 e6 4. Bf4 f5 5. e3 Nf6 6. Nbd2 Bd6 7. Bxd6 Qxd6 8. Ne5
O-O 9. Bd3 Nbd7 10. f4 c5 11. O-O Qb6 12. Nxd7 Bxd7 13. Qb3 Qxb3 14. axb3 cxd4
15. exd4 a5 16. Rfe1 Rfe8 17. Ra3 b6 18. Rea1 Bc6 19. Nf3 Nd7 20. Kf2 h6 21.
Re1 b5 22. Ne5 Nxe5 23. Rxe5 Kf7 24. Re1 Reb8 25. Rea1 a4 26. b4 Kf6 27. Bc2 g5
28. fxg5+ hxg5 29. b3 axb3 30. Bxb3 Rxa3 31. Rxa3 Ra8 32. Rxa8 Bxa8 33. Kf3 e5
34. dxe5+ Kxe5 35. Ke3 f4+ 36. Kd3 1/2-1/2

[Event "4e Ouest Toulousain B"]
[Site "Tournefeuille"]
[Date "2009.02.18"]
[Round "4.2"]
[White "Auger, Pierre"]
[Black "Ruault, Vincent"]
[Result "1-0"]
[WhiteElo "1630"]
[BlackElo "1460"]
[PlyCount "69"]
[EventDate "2009.??.??"]

1. d4 f5 2. Bf4 Nf6 3. Nd2 d5 4. Ngf3 e6 5. e3 Bd6 6. Ne5 O-O 7. Be2 Qe7 8. Bg5
Qe8 9. f4 Nbd7 10. Rc1 Ne4 11. Ndf3 Nxe5 12. dxe5 Be7 13. Bxe7 Qxe7 14. O-O Bd7
15. a3 b5 16. b4 c5 17. c3 a6 18. Qe1 c4 19. Nd4 h6 20. Bf3 g5 21. Bxe4 fxe4
22. Qe2 gxf4 23. Qg4+ Kh7 24. Rxf4 Rg8 25. Qh3 Raf8 26. Rcf1 Rxf4 27. Rxf4 Rg6
28. g3 Qg7 29. Qf1 Kg8 30. Kg2 h5 31. Rf6 Rxf6 32. exf6 Qg6 33. Qf4 Qe8 34.
Qg5+ Kf7 35. Qg7# 1-0

[Event "4e Ouest Toulousain B"]
[Site "Tournefeuille"]
[Date "2009.02.19"]
[Round "5.2"]
[White "Garcia Del Prado, Bruno"]
[Black "Moruzzi, Gerard"]
[Result "1-0"]
[WhiteElo "1680"]
[BlackElo "1580"]
[PlyCount "57"]
[EventDate "2009.??.??"]

1. e4 e5 2. Nf3 Nc6 3. d4 exd4 4. Nxd4 Nxd4 5. Qxd4 Qf6 6. Be3 Qxd4 7. Bxd4 d6
8. Nc3 c6 9. Bd3 Bd7 10. O-O Ne7 11. f4 b5 12. b4 f6 13. a4 f5 14. axb5 fxe4
15. Bxe4 d5 16. Bf3 Kd8 17. bxc6 Bxc6 18. Bxa7 Kc8 19. b5 Bb7 20. Rfd1 Ng6 21.
Bg4+ Kc7 22. Be3 Rxa1 23. Rxa1 Bd6 24. b6+ Kb8 25. g3 Re8 26. Bd4 Nxf4 27. Nb5
Bc5 28. Bxc5 h5 29. Bd6# 1-0

[Event "4e Ouest Toulousain B"]
[Site "Tournefeuille"]
[Date "2009.02.19"]
[Round "5.3"]
[White "Gelas, Alexandre"]
[Black "Benayoun, David"]
[Result "0-1"]
[WhiteElo "1520"]
[BlackElo "1608"]
[PlyCount "30"]
[EventDate "2009.??.??"]

1. d4 d5 2. Nc3 Nf6 3. Nf3 Bf5 4. Bf4 c6 5. e3 h6 6. Bd3 Bxd3 7. Qxd3 e6 8. a3
Be7 9. O-O Nbd7 10. Rfe1 Nh5 11. Bg3 Nxg3 12. fxg3 O-O 13. e4 c5 14. exd5 cxd4
15. Qxd4 Bc5 0-1

[Event "4e Ouest Toulousain A"]
[Site "Tournefeuille"]
[Date "2009.02.19"]
[Round "5.1"]
[White "Fedorchuk, Sergey A"]
[Black "Petrov, Marijan"]
[Result "1-0"]
[WhiteElo "2633"]
[BlackElo "2477"]
[PlyCount "105"]
[EventDate "2009.??.??"]

1. e4 c5 2. Nf3 e6 3. d4 cxd4 4. Nxd4 Nf6 5. Nc3 Nc6 6. Nxc6 bxc6 7. e5 Nd5 8.
Ne4 Qc7 9. f4 Qb6 10. c4 Bb4+ 11. Ke2 Ba6 12. Kf3 f5 13. Nf2 Ne7 14. Be3 Bc5
15. Bxc5 Qxc5 16. Qd6 Qb6 17. b3 c5 18. Rd1 Bb7+ 19. Kg3 Qxd6 20. exd6 Ng8 21.
Nd3 Rc8 22. Be2 Nh6 23. Bh5+ g6 24. Bf3 Bxf3 25. gxf3 Nf7 26. h4 O-O 27. h5
Rfe8 28. Rh2 gxh5 29. Ne5 Nxe5 30. fxe5 h6 31. Kf4 Kh7 32. Rdh1 Rg8 33. Rxh5
Rg6 34. R5h2 Kg7 35. Rc2 a5 36. a3 Rb8 37. Rb2 Kf7 38. Ke3 Ke8 39. b4 axb4 40.
axb4 cxb4 41. Rhb1 Kd8 42. Rxb4 Rxb4 43. Rxb4 Kc8 44. c5 Rg1 45. c6 dxc6 46.
Rh4 Re1+ 47. Kf4 c5 48. Rxh6 Kd7 49. Rh7+ Kc6 50. Rc7+ Kb5 51. Rc8 Rd1 52. Kg5
Rd3 53. Kf6 1-0

[Event "4e Ouest Toulousain A"]
[Site "Tournefeuille"]
[Date "2009.02.19"]
[Round "5.2"]
[White "Drenchev, Petar"]
[Black "Fargere, Francois"]
[Result "1/2-1/2"]
[WhiteElo "2458"]
[BlackElo "2444"]
[PlyCount "76"]
[EventDate "2009.??.??"]

1. d4 d5 2. c4 c6 3. Nf3 Nf6 4. e3 a6 5. Bd3 Bg4 6. Nbd2 e6 7. Qc2 Nbd7 8. O-O
Bd6 9. b3 O-O 10. Bb2 Qc7 11. c5 Be7 12. b4 Bh5 13. Rfc1 Bg6 14. Bxg6 hxg6 15.
a4 Ne8 16. Ne5 Nef6 17. f4 Nxe5 18. dxe5 Ng4 19. Bd4 Nh6 20. Nf3 Kh7 21. Ra3 f5
22. Rb3 Rfc8 23. Qb2 Nf7 24. h4 Kg8 25. g3 Qd7 26. Ne1 Nd8 27. Nd3 Kf7 28. Kg2
Kg8 29. Rh1 Bf8 30. h5 gxh5 31. Rxh5 Qe8 32. Rh3 Qg6 33. a5 Nf7 34. Qe2 Nh6 35.
Nf2 Be7 36. Rb1 Kf7 37. Rbh1 Ng4 38. Qc2 Rf8 1/2-1/2

[Event "4e Ouest Toulousain A"]
[Site "Tournefeuille"]
[Date "2009.02.19"]
[Round "5.3"]
[White "Sumets, Andrey"]
[Black "Zarrouati, Pierre"]
[Result "1-0"]
[WhiteElo "2546"]
[BlackElo "2193"]
[PlyCount "53"]
[EventDate "2009.??.??"]

1. d4 Nf6 2. c4 g6 3. Nc3 Bg7 4. e4 d6 5. Nf3 O-O 6. Be2 e5 7. O-O Nc6 8. d5
Nb8 9. Ne1 Nbd7 10. Bg5 h6 11. Bh4 a6 12. Nd3 Qe8 13. b4 b6 14. a4 Nh7 15. a5
Bb7 16. f3 f5 17. c5 bxc5 18. bxc5 Ndf6 19. Qa4 c6 20. Qb3 Qf7 21. cxd6 Nxd5
22. exd5 cxd5 23. d7 e4 24. fxe4 Qxd7 25. Nc5 Qc7 26. Bf2 fxe4 27. Nxd5 1-0

[Event "4e Ouest Toulousain A"]
[Site "Tournefeuille"]
[Date "2009.02.19"]
[Round "5.4"]
[White "Marie, Adrien"]
[Black "Touzane, Olivier"]
[Result "0-1"]
[WhiteElo "2067"]
[BlackElo "2293"]
[PlyCount "59"]
[EventDate "2009.??.??"]

1. e4 e6 2. d4 d5 3. Nc3 Bb4 4. e5 c5 5. Bd2 Nc6 6. Nb5 Bxd2+ 7. Qxd2 Nxd4 8.
Nd6+ Kf8 9. O-O-O Ne7 10. g4 Ng6 11. f4 h5 12. c3 Nc6 13. Nf3 hxg4 14. Ng5
Ncxe5 15. fxe5 Nxe5 16. Ndxf7 Nxf7 17. Nxf7 Kxf7 18. Bd3 Kg8 19. Qf4 Rh5 20. h4
e5 21. Qf2 Qd6 22. c4 Bd7 23. cxd5 Rf8 24. Qc2 Bf5 25. Rhg1 e4 26. Be2 Rxh4 27.
Qd2 Rh2 28. Qe3 g3 29. Bc4 Bg4 30. Rde1 0-1

[Event "4e Ouest Toulousain A"]
[Site "Tournefeuille"]
[Date "2009.02.19"]
[Round "5.5"]
[White "Briscoe, Chris"]
[Black "Forgues, Fabien"]
[Result "1-0"]
[WhiteElo "2268"]
[BlackElo "2155"]
[PlyCount "101"]
[EventDate "2009.??.??"]

1. e4 e5 2. Nf3 Nc6 3. Bb5 a6 4. Ba4 Nf6 5. O-O Be7 6. Qe2 b5 7. Bb3 O-O 8. c3
d6 9. Rd1 Na5 10. Bc2 c5 11. d4 Qc7 12. d5 Bd7 13. b3 Ne8 14. Nbd2 g6 15. Nf1
Ng7 16. Bh6 f6 17. Ne3 Rf7 18. Kh1 Bf8 19. g4 Ne8 20. Bxf8 Rxf8 21. Rg1 Ng7 22.
h4 h6 23. Rg2 Kf7 24. Nh2 Ke7 25. Qd2 Rh8 26. Rf1 g5 27. Nf5+ Nxf5 28. gxf5
Rag8 29. Rfg1 Nb7 30. Bd1 Be8 31. Be2 Bd7 32. Ng4 Nd8 33. Ne3 Be8 34. a4 Bd7
35. axb5 axb5 36. Ra1 Nb7 37. Rgg1 Kf7 38. Ra2 Ra8 39. Ng4 Ra5 40. Rga1 Kg7 41.
b4 Rxa2 42. Rxa2 Qb6 43. Kg2 Be8 44. Ra8 Rf8 45. Qe3 Qc7 46. hxg5 hxg5 47. Qh3
Rh8 48. Nxf6 Qe7 49. Qxh8+ Kxh8 50. Rxe8+ Qxe8 51. Nxe8 1-0

[Event "4e Ouest Toulousain A"]
[Site "Tournefeuille"]
[Date "2009.02.19"]
[Round "5.6"]
[White "Epure, Catalin Alexandru"]
[Black "Vilaisarn, Akkhavanh"]
[Result "0-1"]
[WhiteElo "2145"]
[BlackElo "2253"]
[PlyCount "58"]
[EventDate "2009.??.??"]

1. e4 e6 2. d4 d5 3. Nc3 Nf6 4. Bg5 Be7 5. e5 Nfd7 6. h4 c5 7. Bxe7 Kxe7 8. Qd2
Nc6 9. Qg5+ Kf8 10. Qxd8+ Nxd8 11. Nb5 a6 12. Nd6 cxd4 13. f4 Nc6 14. Nf3 f6
15. O-O-O fxe5 16. fxe5 Ndxe5 17. Nxe5 Nxe5 18. Re1 Nc6 19. Nxc8 Rxc8 20. Rxe6
Kf7 21. Rd6 Nb4 22. Rd7+ Kf6 23. Rxb7 Rxc2+ 24. Kb1 Rhc8 25. Rb6+ Ke5 26. Bxa6
Nxa6 27. Rxa6 d3 28. Re1+ Kd4 29. Ra4+ R8c4 0-1

[Event "4e Ouest Toulousain A"]
[Site "Tournefeuille"]
[Date "2009.02.19"]
[Round "5.7"]
[White "Humeau, Cyril"]
[Black "Cilla, Mario"]
[Result "1-0"]
[WhiteElo "2203"]
[BlackElo "1930"]
[PlyCount "49"]
[EventDate "2009.??.??"]

1. b4 d5 2. Bb2 Bf5 3. e3 Nd7 4. Nf3 Ngf6 5. c4 c6 6. Nc3 e6 7. a3 a5 8. b5 Be7
9. Be2 O-O 10. Nh4 Bg6 11. Nxg6 fxg6 12. d4 Rc8 13. bxc6 bxc6 14. O-O Bd6 15.
Rb1 Bb8 16. Qd2 Nh5 17. f4 Qh4 18. Bf3 Nxf4 19. g3 Nh3+ 20. Kg2 Qh6 21. Bg4 Ng5
22. cxd5 Nf6 23. Rxf6 Rxf6 24. h4 Rcf8 25. e4 1-0

[Event "4e Ouest Toulousain A"]
[Site "Tournefeuille"]
[Date "2009.02.19"]
[Round "5.8"]
[White "Robin, Samy"]
[Black "Ouerk, Yanis"]
[Result "1-0"]
[WhiteElo "2369"]
[BlackElo "2021"]
[PlyCount "61"]
[EventDate "2009.??.??"]

1. e4 c5 2. Nf3 Nc6 3. d4 cxd4 4. Nxd4 Nf6 5. Nc3 d6 6. f3 Nxd4 7. Qxd4 g6 8.
Be3 Bg7 9. Qd2 O-O 10. Bh6 Bxh6 11. Qxh6 Be6 12. h4 Qa5 13. h5 Rac8 14. Bd3 Bc4
15. O-O-O Bxd3 16. Rxd3 Rxc3 17. Rxc3 Qxa2 18. hxg6 fxg6 19. Ra3 Qc4 20. Rxa7
Rc8 21. Qd2 Qc5 22. Ra3 Rb8 23. g4 b5 24. Qe3 Qe5 25. Ra7 d5 26. Qb3 e6 27.
exd5 exd5 28. Kb1 Qe6 29. g5 Nh5 30. Rd1 Nf4 31. Qc3 1-0

[Event "4e Ouest Toulousain A"]
[Site "Tournefeuille"]
[Date "2009.02.19"]
[Round "5.9"]
[White "Forgues, Valerie"]
[Black "Peric, Slavisa"]
[Result "1/2-1/2"]
[WhiteElo "2011"]
[BlackElo "2264"]
[PlyCount "54"]
[EventDate "2009.??.??"]

1. e4 e6 2. d4 d5 3. Nd2 h6 4. Bd3 c5 5. dxc5 Bxc5 6. exd5 exd5 7. Ngf3 Nf6 8.
O-O O-O 9. Nb3 Bb6 10. h3 Nc6 11. c3 Qd6 12. Bc2 Bxh3 13. gxh3 Qg3+ 14. Kh1
Qxh3+ 15. Nh2 Bc7 16. f4 Nh5 17. Rf2 Ng3+ 18. Kg1 Rfe8 19. Nc5 d4 20. Bd2 dxc3
21. Bxc3 Bb6 22. b4 Re3 23. Bd2 Re7 24. Qg4 Ne2+ 25. Kh1 Ng3+ 26. Kg1 Ne2+ 27.
Kh1 Ng3+ 1/2-1/2

[Event "4e Ouest Toulousain A"]
[Site "Tournefeuille"]
[Date "2009.02.19"]
[Round "5.18"]
[White "Berthelot, Nathan"]
[Black "Boukhris-Ferre, Yacine"]
[Result "0-1"]
[WhiteElo "1787"]
[BlackElo "1935"]
[PlyCount "28"]
[EventDate "2009.??.??"]

1. e4 e6 2. d4 d5 3. exd5 exd5 4. Bd3 Nc6 5. c3 Bd6 6. Nf3 Nge7 7. O-O Bg4 8.
Bg5 f6 9. Be3 Qd7 10. b4 Ng6 11. Qc2 Bxf3 12. Bxg6+ hxg6 13. Qxg6+ Kf8 14. h3
Be4 0-1